| 000 | 00672cab a2200241 4500 | ||
|---|---|---|---|
| 001 | WB3329-15 | ||
| 008 | 090401t1997 xxu||||| |||| 00| 0 eng d | ||
| 035 | _a(Sirsi) u79865 | ||
| 041 | _aeng | ||
| 245 | _aCompetitiveness panel | ||
| 260 | _c1997 | ||
| 350 | _a0 | ||
| 490 |
_aTimes _v24 July 1997, 26(1) |
||
| 520 | _aGovernment has created an new body that will advise ministers on improving the competitiveness of UK companies. | ||
| 650 | _aCOMPETITION | ||
| 650 | _aCOMPETITIVENESS PANEL | ||
| 650 | _aCOMPETITIVENESS UK SUMMIT | ||
| 650 | _aDTI | ||
| 650 | _aGOVERNMENT POLICY | ||
| 690 | _aECONOMIC AND SOCIAL | ||
| 942 | _n0 | ||
| 948 | _c24/07/1997 | ||
| 999 |
_c50257 _d50257 |
||